O Mercado do Trabalho e a Mulher (Registo nº 200862)
[ vista simples ]
| 000 -Etiqueta do registo | |
|---|---|
| Valores | 00683nam 22002053 4500 |
| 100 ## - Dados gerais de processamento | |
| Dados gerais | 20260302d u||y0pory50 ba |
| 101 ## - Língua de publicação | |
| Língua | Português |
| 102 ## - País de publicação | |
| País | Portugal |
| 200 ## - Titulo e menção de responsabilidade | |
| Título próprio | O Mercado do Trabalho e a Mulher |
| Primeira menção de responsabilidade | Antónia de Sousa |
| 210 ## - Publicação | |
| Local de publicação | Lisboa |
| Nome do editor | Arcádia Editora |
| Data de publicação | 1971 (imp.) |
| 215 ## - Descrição física | |
| Paginação / Volumes | 159, [17] p. |
| Outras indicações físicas | Brochado |
| Dimensões | 18 cm |
| 225 ## - Colecção | |
| Título próprio da colecção | Biblioteca Arcádia de Bolso |
| Informação de outro título | Secção VIII - Documentos e Estudos Diversos |
| Indicação de volume | 135 |
| 606 ## - Nome comum usado como assunto | |
| ID Autoridade | 7590 |
| Palavra de ordem | Ciências Sociais |
| Subdivisão assunto | Economia. Trabalho |
| 675 ## - CDU | |
| Notação | 331-055.2/SOU/MER |
| Edição | PT |
| Língua | por |
| 700 ## - Autor principal (pessoa individual) | |
| ID Autoridade | 9007 |
| Apelido | Sousa |
| Nome | Antónia de |
| Datas | 1940 |
| 801 ## - Fonte de origem | |
| País | PT |
| Agência | BMMN |
| Regras de catalogação | RPC |
| 830 ## - Notas gerais do catalogador | |
| Criado por | Carlos Pinto |
| Data de criação | 02-03-2026 |
| Indexado por | Carlos Pinto |
| 990 ## - Elementos KOHA | |
| Tipo de documento | Livro |
| Situação do levantamento | Biblioteca de origem | Código de barras | Cota | Permissão de empréstimo | Tipo de documento | Forma de aquisição |
|---|---|---|---|---|---|---|
| Escola Secundária de Montemor-o-Novo | 30122 | 331-055.2/SOU/MER | Livro | Compra |